000 00345nam a2200157Ia 4500
003 OSt
005 20231223050609.0
008 170524s9999 xx 000 0 und d
020 _a007068216x
040 _ciimt university meerut
100 _aHAWKINS DELI
100 _c2010
245 0 _aCONSUMER BEHAVIOR
260 _aTMH
942 _2ddc
_c02
999 _c2594
_d2594